书目信息 |
| 题名: |
声乐曲集
|
|
| 作者: | 刘大巍 编 | |
| 分册: | 上册 男高音 | |
| 出版信息: | 北京 高等教育出版社 2002 |
|
| 页数: | 200页 | |
| 开本: | 26cm | |
| 丛书名: | ||
| 单 册: | ||
| 中图分类: | J652 , J652.31 | |
| 科图分类: | ||
| 主题词: | 练声曲--世界--选集 , 男高音--独唱--练声曲--世界--选集 , 练声曲 , 男高音 , 独唱 | |
| 电子资源: | ||
| ISBN: | 7-04-010305-2 | |
| 000 | 00834nam0 2200277 450 | |
| 001 | 1240882617 | |
| 005 | 20121019112159.36 | |
| 010 | @a7-04-010305-2@dCNY22.20 | |
| 100 | @a20020904d2002 em y0chiy0110 ea | |
| 101 | 0 | @achi |
| 102 | @aCN@b110000 | |
| 105 | @ag z 000yy | |
| 200 | 1 | @a声乐曲集@Asheng yue qu ji@i男高音@h上册@f刘大巍编 |
| 210 | @a北京@c高等教育出版社@d2002 | |
| 215 | @a200页@d26cm | |
| 330 | @a本书分为中国作品和外国作品两部分,收入歌曲“半个月亮爬上来”、“美丽的姑娘”、“告别南洋”、“海滨之歌”、“小夜曲”等。 | |
| 606 | 0 | @a练声曲@y世界@j选集 |
| 606 | 0 | @a男高音@x独唱@x练声曲@y世界@j选集 |
| 606 | 0 | @a练声曲 |
| 606 | 0 | @a男高音 |
| 606 | 0 | @a独唱 |
| 690 | @aJ652@v4 | |
| 690 | @aJ652.31@v4 | |
| 701 | 0 | @a刘大巍@Aliu da wei@4编 |
| 801 | 0 | @aCN@bNLC@c20101222 |
| 905 | @a10447@dJ652@eJY99:1 | |
| 声乐曲集.男高音.上册/刘大巍编.-北京:高等教育出版社,2002 |
| 200页;26cm |
| ISBN 7-04-010305-2:CNY22.20 |
| 本书分为中国作品和外国作品两部分,收入歌曲“半个月亮爬上来”、“美丽的姑娘”、“告别南洋”、“海滨之歌”、“小夜曲”等。 |
| ● |
| 相关链接 |
|
|
|
|
正题名:声乐曲集
索取号:J652/JY99:1
 
预约/预借
| 序号 | 登录号 | 条形码 | 馆藏地/架位号 | 状态 | 备注 |
| 1 | 7834181 | 278341812 | 学院路分馆/ [索取号:J652/JY99:1] | 在馆 | |
| 2 | 7834182 | 278341821 | 学院路分馆/ [索取号:J652/JY99:1] | 在馆 | |
| 3 | 7834183 | 278341830 | 学院路分馆/ [索取号:J652/JY99:1] | 在馆 | |
| 4 | 7834184 | 278341849 | 学院路分馆/ [索取号:J652/JY99:1] | 在馆 | |
| 5 | 7834185 | 278341858 | 学院路分馆/ [索取号:J652/JY99:1] | 在馆 | |
| 6 | 7834186 | 278341867 | 学院路分馆/ [索取号:J652/JY99:1] | 在馆 | |
| 7 | 7834187 | 278341876 | 学院路分馆/ [索取号:J652/JY99:1] | 在馆 |